书目信息 |
| 题名: |
秦汉南北朝官印征存
|
|
| 作者: | 罗福颐 主编 ;故宫研究室玺印组 编 | |
| 分册: | ||
| 出版信息: | 北京 文物出版社 1987 |
|
| 页数: | 480页 | |
| 开本: | 26cm | |
| 丛书名: | ||
| 单 册: | ||
| 中图分类: | J292.42 | |
| 科图分类: | ||
| 主题词: | 书法--中国 , 篆刻--中国 | |
| 电子资源: | ||
| ISBN: | ||
| 000 | 00729nam0 2200229 450 | |
| 001 | 0634267812 | |
| 005 | 20061114093806.96 | |
| 010 | @b精装@dCNY25.00 | |
| 100 | @a20061114d1987 km y0chiy0120 ea | |
| 101 | 0 | @achi |
| 102 | @aCN@b110000 | |
| 200 | 1 | @a秦汉南北朝官印征存@Aqin han nan bei chao guan yin zheng cun@f罗福颐主编@Fluo fu yi zhu bian@g故宫研究室玺印组编@Ggu gong yan jiu shi xi yin zu bian |
| 210 | @a北京@c文物出版社@d1987 | |
| 215 | @a480页@d26cm | |
| 300 | @a索引说明53页 | |
| 606 | 0 | @a书法@x中国 |
| 606 | 0 | @a篆刻@x中国 |
| 690 | @aJ292.42@v3 | |
| 701 | 0 | @a罗福颐@Aluo fu yi@4主编 |
| 712 | 0 | @a故宫研究室玺印组@Agu gong yan jiu shi xi yin zu@4编 |
| 801 | 0 | @aCN@bPFT@c20061114 |
| 905 | @a10447@dJ292.42@e151 | |
| 秦汉南北朝官印征存/罗福颐主编/故宫研究室玺印组编.-北京:文物出版社,1987 |
| 480页;26cm |
| 索引说明53页 |
| ISBN (精装):CNY25.00 |
| ● |
| 相关链接 |
|
|
|
|
正题名:秦汉南北朝官印征存
索取号:J292.42/151
 
预约/预借
| 序号 | 登录号 | 条形码 | 馆藏地/架位号 | 状态 | 备注 |
| 1 | 0204242 | 001209828 | 第一样本阅览室/ [索取号:J292.42/151] | 在馆 |